000 00805nam a2200289 a 4500
003 AR-BaBNM
005 20251128203300.0
008 082120s2002 ||||||||||||||000 | spa||
020 _a2-278-04017-0
040 _cAR-BaBNM
100 1 _aSalins, Geneviève-Dominique de
245 0 0 _aLibre echange
_bcahier de l'élève
_n1
260 _aParis
_bHatier
_bDidier
_c1991
300 _a126 p.
_bil.
500 _aContiene en p. 119-126 la solución a los ejercicios propuestos
650 4 _aENSEÑANZA DE IDIOMAS
650 4 _aFRANCES
650 4 _aACTIVIDADES DE APRENDIZAJE
650 4 _aGRAMATICA
650 4 _aVOCABULARIO
650 4 _aFONETICA
653 _aEDUCACION SECUNDARIA
700 1 _aCourtillon, Janine
700 1 _aGuyot-Clément, Christine
942 _cBK
998 _cCarmen
999 _c2703
_d2703